000 00436nam a22001457a 4500
082 _aP-223(B)
100 _aAhmed Nader Khurshid
_948099
245 _aStudy of stone masic asphalt using polymer and mineral filler
_cAhmed Nader Khurshid, Farrukh Salim Khan
260 _aRisalpur
_bMCE
_c2009
300 _axi, 47 p:
526 _a0
_b0
_c0
_dP_223B
650 _aProject
700 _aLt Col Kashif Ahmed Khan
_948177
942 _2ddc
_cBK
999 _c551189
_d551189